000 00545nam a2200157Ia 4500
008 200110s9999 xx 000 0 und d
020 _a978-0-7641-6703-4
100 _aHerbst, Ron
245 _cRon Herbst & Sharon Tyler Herbst.--
_aThe deluxe food lover's companion /
250 _a2nd ed.
260 _aHauppauge, New York :
_bBarron's Educational Series
_c2015
300 _avii, 854 pages
_c23 cm.
500 _aIncludes appendix, bibliography and acknowledgements.
650 _aCooking-- Dictionaries.
650 _aFood -- Dictionaries.
999 _c362897
_d362897